000 00551nam a2200205Ia 4500
005 20250923145824.0
008 008 250917s9999 xx 000 0 eng d
037 _aTextual
040 _aDSWL
_beng
_cDSWL
041 _aeng
_2eng
084 _aY:4:5, N66;6
_qDSWL
100 _aCohen, A.K.
_9839297
245 0 _aDeviance and control
_cby A.K. Cohen
260 _aNew Delhi
_bPrentice Hall
_c1966
300 _aviii,120p.
365 _aINR
_b14.63
925 _g14.63
942 _cTEXL
_hY:4:5, N66;6
999 _c1456126
_d1456126